| 000 | 01588nam a2200385 a 4500 | ||
|---|---|---|---|
| 001 | ebr10070737 | ||
| 003 | CaPaEBR | ||
| 006 | m u | ||
| 007 | cr cn||||||||| | ||
| 008 | 050811r20021996enka sb 001 0 eng | ||
| 010 | _z 95047040 | ||
| 020 | _z0203006747 | ||
| 020 | _z0415121205 (pbk.) | ||
| 040 |
_aCaPaEBR _cCaPaEBR |
||
| 035 | _a(OCoLC)70729296 | ||
| 050 | 1 | 4 |
_aHB98 _b.O372 2002eb |
| 082 | 0 | 4 |
_a330.15/7 _220 |
| 100 | 1 | _aO'Driscoll, Gerald P. | |
| 245 | 1 | 4 |
_aThe economics of time and ignorance _h[electronic resource] / _cGerald P. O'Driscoll, Jr. and Mario J. Rizzo ; with a contribution by Roger W. Garrison and a new introduction. |
| 260 |
_aLondon ; _aNew York : _bRoutledge, _c2002. |
||
| 300 |
_axxxiii, 265 p. : _bill. |
||
| 490 | 1 | _aFoundations of the market economy | |
| 500 | _aOriginally published: Oxford, UK ; New York, NY, USA : B. Blackwell, 1985. | ||
| 504 | _aIncludes bibliographical references (p. [237]-257) and index. | ||
| 533 |
_aElectronic reproduction. _bPalo Alto, Calif. : _cebrary, _d2013. _nAvailable via World Wide Web. _nAccess may be limited to ebrary affiliated libraries. |
||
| 650 | 0 | _aAustrian school of economics. | |
| 650 | 0 | _aTime and economic reactions. | |
| 650 | 0 | _aUncertainty. | |
| 655 | 7 |
_aElectronic books. _2local |
|
| 700 | 1 | _aRizzo, Mario J. | |
| 700 | 1 | _aGarrison, Roger W. | |
| 710 | 2 | _aebrary, Inc. | |
| 830 | 0 | _aFoundations of the market economy series. | |
| 856 | 4 | 0 |
_uhttp://site.ebrary.com/lib/rucke/Doc?id=10070737 _zAn electronic book accessible through the World Wide Web; click to view |
| 999 |
_c31588 _d31588 |
||